| 000 | 00466pab a2200169 454500 | ||
|---|---|---|---|
| 008 | 180718b2006 xxu||||| |||| 00| 0 eng d | ||
| 100 | _aZandvliet, Robert | ||
| 245 | _aShort-term dynamics in the use of places: a space-time typology of visitor populations in the Netherlands | ||
| 260 | _c2006 | ||
| 300 | _ap.1159-176. | ||
| 362 | _aJun | ||
| 650 | _aUrban development | ||
| 700 | _aDijst, Martin | ||
| 773 | _aUrban Studies | ||
| 908 | _aN | ||
| 909 | _a75000 | ||
| 999 |
_c75000 _d75000 |
||